000 00484nam a2200181Ia 4500
003 GCL
008 140319s9999 xx 000 0 ara d
040 _aGCL /
_cGCL
082 0 4 _a398.2
_bم أ
100 1 _aمحمد المرزوقى
245 1 0 _aالادب الشعبى /
_cمحمد المرزوقى
300 _a238 ص
490 _a
650 0 4 _aالادب الشعبى
650 0 4 _aتاريخ ونقد
650 0 4 _aالادب الشعبى - تونس
942 _2ddc
_cBK
999 _c40570
_d40570